|
|
|
|
| LEADER |
00000nam a2200000 a 4500 |
| 001 |
vtls001160572 |
| 003 |
SK-MaSNL |
| 005 |
20260515084045.0 |
| 008 |
250414s1873 hu 0 hun |
| 035 |
|
|
|a SNK000103479
|
| 040 |
|
|
|a SNK
|b slo
|c SNK
|e AACR2
|
| 041 |
0 |
|
|a hun
|
| 044 |
|
|
|a hu
|c HU
|
| 080 |
|
|
|a 801.323.1=945.11
|2 1981
|
| 080 |
|
|
|a 811.511.141
|2 2011
|
| 080 |
|
|
|a (038.072)
|2 2011
|
| 100 |
1 |
|
|a Ballagi, Mór
|4 zos
|9 281988
|
| 245 |
1 |
0 |
|a A magyar nyelv teljes szótára, melyben az egyes szók különbözo értelmeinek... és rendü magyar ember számára. 2. rész
|c Szerk. Mór Ballagi
|
| 260 |
|
|
|a Pest
|b Heckenast Gusztáv
|c 1873
|e Pest
|f Heckenast Gusztáv
|
| 300 |
|
|
|a 775, [1] s.
|c 21 cm
|
| 650 |
0 |
7 |
|a maďarčina
|2 SNKPH
|9 1492
|
| 655 |
|
7 |
|a výkladové slovníky
|2 SNKPH
|9 69007
|
| 852 |
|
|
|a Slovenská národná knižnica
|
| 954 |
|
|
|a maďarčina
|a slovníky výkladové
|
| 954 |
|
|
|a slovníky výkladové maďarské
|
| 958 |
|
|
|a ONDV
|
| 999 |
|
|
|c 967338
|d 969268
|
| 952 |
|
|
|t P60, <03>, [BOOK], {603}
|a SNK
|b SNK
|y PREZ
|7 0
|p 17A0297301
|o snkSC 6217/2
|i snk4884/34
|0 0
|1 0
|4 0
|d 2001-04-23
|l 0
|r 2025-07-04 00:00:00
|w 2026-02-24
|
| 952 |
|
|
|t P60, <03>, [BOOK], {604}
|a SNK
|b SNK
|y PREZ
|7 0
|p 17A0297303
|o snkSC 6217/2 D1
|0 0
|1 0
|4 0
|d 2001-04-23
|l 0
|r 2005-01-01 00:00:00
|w 2026-02-24
|